000 00271nam a22001097a 4500
040 _cSCME
100 _aAsad Saleem Sheikh
_921008
245 _aEncyclopedia Tareek e Pakistan
260 _aLahore
_bSang-E-Meel Publication
_c1999
300 _a1271p.
942 _2ddc
_cENC
999 _c609184
_d609184